000 02235cam a22003975a 4500
001 17624207
005 20150812145059.0
008 130213s2013 nyua frb 001 0 eng d
020 _a9781441114075 (hardcover : alk. paper)
020 _a9781441174666 (pbk. : alk. paper)
020 _z9781441102393 (e-PDF)
020 _z9781441144881 (e-Pub)
040 _aDLC
_beng
_cDLC
_dDLC
_dEG-ScBUE
043 _ama-----
050 0 0 _aPN5359
_b.N49 2013
082 0 4 _a073.927
_222
_bNEW
245 0 0 _aNews media in the Arab world :
_ba study of 10 Arab and Muslim countries /
_cedited by Barrie Gunter and Roger Dickinson.
260 _aNew York ;
_aLondon :
_bBloomsbury Academic,
_c2013.
300 _aviii, 199 p. :
_btables ;
_c23 cm.
500 _aIndex : p. 189-199.
504 _aIncludes bibliographical references.
505 0 _aThe changing nature of news in the Arab world / Barrie Gunter and Roger Dickinson -- Evolving news systems in the Gulf countries / Khalid Aljaber and Barrie Gunter -- News in Iraq / Ahmed Al-Rawi and Barrie Gunter -- The development of the Palestinian news media / Zaki Nussibeh and Roger Dickinson -- News consumption and news agendas in Egypt / Hamza Mohammed and Barrie Gunter -- The changing news landscape of Libya / Mokhtar Elareshi and Julian Matthews -- News developments and changes to news consumption patterns in the Arab world / Khalid Al-Jaber and Barrie Gunter -- News media and political socialization of young people: The case of Bahrain / Ebrahim Al-Shaikh and Vincent Campbell -- What is the future for news in the Arab world? / Roger Dickinson and Barrie Gunter.
650 0 _aJournalism
_zArab countries.
_2BUEsh
650 0 _aPress
_zArab countries.
_2BUEsh
650 0 _aTelevision broadcasting of news
_zArab countries.
_2BUEsh
650 0 _aBroadcast journalism
_zArab countries.
_2BUEsh
650 0 _aReporters and reporting
_zArab countries.
_2BUEsh
650 0 _aJournalism
_xObjectivity
_zArab countries.
_2BUEsh
650 0 _aMass media
_zArab countries.
_2BUEsh
651 _2BUEsh
653 _bCOMAME
_cJune2015
_cAugust2015
655 _vreading book
_934232
700 1 _aGunter, Barrie
_eeditor.
700 1 _aDickinson, Roger,
_d1956-
_eeditor.
942 _2ddc
999 _c19797
_d19769